| Tag |
First Indicator |
Second Indicator |
Subfields |
| LEADER |
00000cjm a2200000Ia 4500 |
| 001 |
in00001771621 |
| 005 |
20151025094555.0 |
| 007 |
sd fungnn---ee |
| 008 |
020621r20021973nyuppn df eng d |
| 024 |
1 |
|
|a 731454890427
|
| 028 |
0 |
2 |
|a 314 548 904-2
|b Tuff Gong/Island
|
| 028 |
0 |
0 |
|a BMW1
|b Island
|
| 028 |
0 |
0 |
|a 90169
|b Island
|
| 035 |
|
|
|a (OCoLC)ocm50037260
|
| 040 |
|
|
|a WIR
|c WIR
|d CPL
|d TXA
|d UtOrBLW
|
| 043 |
|
|
|a nwjm---
|
| 049 |
|
|
|a TXAM
|
| 090 |
|
|
|a M1681.J25
|b L43 2002
|
| 100 |
1 |
|
|a Marley, Bob,
|e composer,
|e performer.
|
| 245 |
1 |
0 |
|a Legend /
|c Bob Marley & the Wailers.
|
| 264 |
|
1 |
|a N[ew] Y[ork], N.Y. :
|b Tuff Gong/Island :
|c [2002]
|
| 264 |
|
2 |
|a N[ew] Y[ork], N.Y. :
|b Distributed by Universal Music & Video Distribution,
|
| 264 |
|
4 |
|c ℗2002
|
| 300 |
|
|
|a 1 sound disc :
|b digital ;
|c 4 3/4 in.
|
| 336 |
|
|
|a performed music
|b prm
|2 rdacontent
|
| 337 |
|
|
|a audio
|b s
|2 rdamedia
|
| 338 |
|
|
|a audio disc
|b sd
|2 rdacarrier
|
| 490 |
1 |
|
|a The definitive remasters
|
| 500 |
|
|
|a Reggae music.
|
| 500 |
|
|
|a Selections originally released 1973-1983; compilation originally released as Island BMW1 (UK) and 90169 (US), May 8, 1984.
|
| 500 |
|
|
|a Compact disc.
|
| 500 |
|
|
|a Biographical notes and lyrics (26 pages : ill.) inserted in container.
|
| 505 |
0 |
|
|a Is this love -- No woman no cry (live) -- Could you be loved -- Three little birds -- Buffalo soldier -- Get up stand up -- Stir it up -- Easy skanking (bonus track) -- One love/People get ready -- I shot the sheriff -- Waiting in vain -- Redemption song -- Satisfy my soul -- Exodus -- Jamming -- Punky reggae party (bonus track).
|
| 500 |
|
|
|a Sound recording.
|
| 650 |
|
0 |
|a Reggae music
|z Jamaica.
|
| 710 |
2 |
|
|a Wailers (Reggae group),
|e performer.
|
| 800 |
1 |
|
|a Marley, Bob.
|t Definitive remasters.
|
| 994 |
|
|
|a E0
|b TXA
|
| 948 |
|
|
|a cataloged
|b h
|c 2003/9/10
|d c
|e bhartsfi
|f 12:12:04 pm
|
| 999 |
|
|
|a MARS
|
| 999 |
f |
f |
|s fc6fe89b-6b7d-3b12-be16-86f1f72d0925
|i 85264ce8-6173-350e-b34c-878c39cfa698
|t 0
|
| 952 |
f |
f |
|p cd
|a Texas A&M University
|b College Station
|c Sterling C. Evans Library
|d Evans: Library Stacks
|t 0
|e M1681.J25 L43 2002
|h Library of Congress classification
|i audio -- audio disc
|m A14830428340
|
| 998 |
f |
f |
|a M1681.J25 L43 2002
|t 0
|l Evans: Library Stacks
|